Turkish desserts - Statistics

General Stats
  • This quiz has been taken 52 times
    5 since last reset
  • The average score is 15 of 22
Answer Stats
Picture Answer % Correct
Baklava
100%
Kadayıf
100%
Künefe
100%
Lokum
100%
Maraş Dondurması
100%
Pişmaniye
100%
Sütlaç
100%
Aşure
75%
Güllaç
75%
Halka Tatlısı
75%
Kabak Tatlısı
75%
Lokma
75%
Burma Kadayıf
50%
İrmik Helva
50%
Kazandibi
50%
Revani
50%
şekerpare
50%
Triliçe
50%
Bağdat Hurma
25%
Muska Katmer
25%
Pestil
25%
Tavuk Göğüsü
25%
No matching quizzes found
Score Distribution
Percent of People with Each Score
Percentile by Number Answered
Your Score History
You have not taken this quiz since the last reset